00850cam a22002531 4500001001300000003000400013005001700017008004100034010001700075035001900092040002000111042001200131050002200143100004300165245006700208260005100275300005700326490004900383504002800432650003900460740002800499810005200527999001700579gs 65000151 DLC20260227111416.0760617s1964 xx 000 0 eng  ags 65000151  a(OCoLC)2232887 aDLCcMeU-PdDLC apremarc00aQE171b.A3 no. 231 aDennis, John G.q(John Gordon),d1920-14aThe geology of the Enosburg area, Vermont,cby John G. Dennis. aMontpelier,bVermont Development Dept.,c1964. a56 p.billus., maps (3 fold. col. in pocket)c23 cm.1 aVermont. Geological Survey. Bulletinvno. 23 aBibliography: p. 54-56. 0aGeologyzVermontzEnosburg Region.0 aEnosburg area, Vermont.1 aVermont.bState Geologist.tBulletin ;vno. 23. c29992d29992